000 00552nam a2200169 a 4500
001 000012264
005 20200929162753.0
008 091110s2007 dr a 000 0 spa d
040 _aDO-SdBNP
_bspa
_cBNPHU
082 _axxxx
_bxxxx
100 1 _aMorel, Rafael
_928909
245 1 3 _aEl gran dilema de la princesa Helena /
_cRafael Morel, José Rafael Reyes; ilustración Esther Merino.
260 _aSanto Domingo :
_b[s. n.],
_c2007.
300 _a10 p. :
_bil. ;
_c22 cm.
700 1 _aReyes, José Rafael
_928910
700 1 _aMerino, Esther
_eil.
_928911
999 _c11922
_d11922